Manchester City ou Manchester United - Statistiques

Statistiques générales
  • Ce quiz a été pris 291 fois
  • Le résultat moyen est 28 sur 30
Statistiques - réponses
Hint Réponse % Correct
Kevin De Bruyne Manchester City
98%
Erling Haaland Manchester City
98%
Paul Pogba Manchester United
98%
Cristiano Ronaldo Manchester United
98%
Bernardo Silva Manchester City
97%
Rodri Manchester City
97%
Marcus Rashford Manchester United
97%
Gianluigi Donnarumma Manchester City
96%
Rúben Dias Manchester City
96%
Kyle Walker Manchester City
96%
Harry Maguire Manchester United
96%
David Beckham Manchester United
96%
David de Gea Manchester United
96%
Zlatan Ibrahimović Manchester United
96%
Wayne Rooney Manchester United
96%
Sergio Agüero Manchester City
95%
Ederson Manchester City
95%
Vincent Kompany Manchester City
94%
Christian Eriksen Manchester United
94%
Leroy Sané Manchester City
93%
Jérémy Doku Manchester City
93%
Yaya Touré Manchester City
93%
Raheem Sterling Manchester City
93%
Robin van Persie Manchester United
93%
Romelu Lukaku Manchester United
93%
Bruno Fernandes Manchester United
92%
Memphis Depay Manchester United
89%
Ander Herrera Manchester United
88%
Edin Džeko Manchester City
85%
Fabien Barthez Manchester United
81%
Aucun quiz correspondant
Distribution des résultats
% des personnes avec chaque résultat
Percentile par nombre de réponses
Votre historique - résultats
Vous n’avez pas pris ce quiz